| 000 | 00766nam a22001817a 4500 | ||
|---|---|---|---|
| 999 |
_c19366 _d19366 |
||
| 003 | AR-CdUCM | ||
| 008 | 190517b ||||| |||| 00| 0 spa d | ||
| 040 |
_aMUNICIPALIDAD PROVINCIAL DEL CUSCO _cBIBLIOTECA MUNICIPAL DEL CUSCO |
||
| 082 |
_a342.621 / _bP28 |
||
| 100 |
_aPatron Faura, Pedro _927220 |
||
| 245 | _aLegislación peruana sobre empleados publicos y administración de personal / | ||
| 260 |
_aLima : _c1970 |
||
| 300 |
_a827 páginas : _c25 cm. |
||
| 505 | _aContenido : Proceso histórico -- El servicio civil en el Perú --Antecedentes históricos -- Bases generales -- Elementos de la administración personal -- La moral y la administración de personal... | ||
| 650 |
_aAdministración personal. _940666 |
||
| 942 |
_2ddc _cLIBROS |
||
| 945 | _arcc | ||